ときめきメモリアル ヒロイン - Statistics

General Stats
  • This quiz has been taken 7 times
  • The average score is 10 of 13
Answer Stats
Answer % Correct
藤崎詩織
100%
如月未緒
83%
紐緒結奈
83%
古式ゆかり
83%
鏡魅羅
83%
早乙女優美
83%
虹野沙希
67%
清川望
67%
朝日奈夕子
67%
館林見晴
67%
伊集院レイ
67%
片桐彩子
50%
美樹原愛
50%
No matching quizzes found
Score Distribution
Percent of People with Each Score
Percentile by Number Answered
Your Score History
You have not taken this quiz